Billie Eilish - GOLDWING Lyrics - Statistics

General Stats
  • This quiz has been taken 133 times
  • The average score is 90 of 117
Answer Stats
Answer % Correct
Go
96%
gold
96%
(Goldwing)
95%
Goldwing
95%
the
95%
thee
95%
to
95%
He
92%
you
92%
You
92%
O'
91%
your
86%
Da-da-down-down
84%
da-da-down-down
84%
down-down
84%
down-down-down)
84%
(down-down-down-down-down)
84%
keep
83%
Keep
83%
(keep
83%
are
82%
head
82%
tell
81%
what
81%
Don't
79%
better
78%
Better
78%
come
78%
and
77%
And
77%
of
75%
angel
74%
anyone
74%
home
74%
apart
71%
beloved
71%
his
71%
messenger
69%
You're
68%
on
66%
tear
66%
Tear
66%
they're
65%
hath
64%
winged
64%
sacred
62%
mighty
61%
Smiling
61%
That's
61%
good
60%
there
58%
dark
57%
him
57%
is
57%
getting
56%
starved
56%
we
56%
she
55%
their
55%
With
55%
Gods
53%
yearning
53%
heart
52%
highest
49%
art
43%
heav'n
43%
bosom
42%
beareth
40%
gaze
40%
Oh
36%
No matching quizzes found
Score Distribution
Percent of People with Each Score
Percentile by Number Answered
Your Score History
You have not taken this quiz